000 00562nam a2200145 4500
999 _c80653
_d80653
008 210203b ||||| |||| 00| 0 eng d
040 _aISIL EINTRAGEN
_bger
_cISIL EINTRAGEN
_erda
100 _aRöthke, Ulrich:
245 _aArchitektur für den neuen Menschen.
_bDas Musikheim in Frankfurt (Oder) /
_cUlrich Röthke
773 _tUnbekannte Moderne Neue Städte Neue Menschen
_dCottbus ; Frankfurt (Oder): Brandenburgisches Landesmuseum für Moderne Kunst, [2020]
_gS. 142-147
942 _cA